000 00609cam a2200193 4500
001 ABS66122
008 021127n2002 000 0 eng u
035 _a(Sirsi) u120601
245 _aNCE special report: concrete in the environment
260 _c2002
490 _aNew Civil Engineer
_v November 2002, LOAN
520 _aA look at the use of concrete and its suitability in helping construction attain greater sustainability.
590 _aABS
650 _aCONCRETE
650 _aCEMENT
650 _aSUSTAINABLE DEVELOPMENT
690 _aBUILT ENVIRONMENT-SUSTAINABLE CONSTRUCTION
942 _n0
999 _c71657
_d71657